[Event "Rated Blitz game"]
[Site "?"]
[Date "2021.07.26"]
[Round "?"]
[White "nrm18"]
[Black "mirekkk14"]
[Result "1-0"]
[WhiteElo "2474"]
[BlackElo "2433"]
[PlyCount "63"]
[EventDate "2021.??.??"]
[EventType "blitz"]

1. e4 e5 2. Nf3 d5 3. Nxe5 Bd6 4. d4 dxe4 5. Nc4 Be7 6. Ne3 Nf6 7. Be2 O-O 8.
O-O Nc6 9. c3 a5 10. f3 Re8 11. Nd2 exf3 12. Bxf3 Bd6 13. Ndc4 Bf4 14. Bxc6
Bxe3+ 15. Bxe3 bxc6 16. Bg5 Ba6 17. Bxf6 gxf6 18. b3 Bxc4 19. bxc4 Re4 20. Qf3
Qe7 21. Qxf6 Qxf6 22. Rxf6 Re3 23. Rf3 Re6 24. Raf1 Re7 25. Rf6 c5 26. Rc6 cxd4
27. cxd4 Rd8 28. d5 Re2 29. Rcf6 Rxa2 30. Rxf7 c6 31. dxc6 Rc8 32. c7 {Normal}
1-0

[Event "Rated Blitz tournament HOhW8dol"]
[Site "?"]
[Date "2021.07.25"]
[Round "?"]
[White "toratosa"]
[Black "Schachelite"]
[Result "0-1"]
[WhiteElo "2550"]
[BlackElo "2497"]
[PlyCount "74"]
[EventDate "2021.??.??"]
[EventType "blitz"]

1. e4 e5 2. Nf3 d5 3. exd5 e4 4. Nd4 Qxd5 5. Nb3 Bd6 6. Nc3 Qe5 7. Be2 Nf6 8.
d4 exd3 9. cxd3 Nc6 10. d4 Qf5 11. O-O O-O 12. h3 Re8 13. Bf3 Bd7 14. Be3 Rad8
15. g4 Qg6 16. Bg2 h5 17. g5 Rxe3 18. fxe3 Qxg5 19. Qf3 Re8 20. e4 Nxd4 21.
Nxd4 Qe5 22. Nb3 h4 23. Rfe1 b5 24. Rad1 b4 25. Nd5 Qh2+ 26. Kf1 Bb5+ 27. Rd3
Nxd5 28. exd5 Bxd3+ 29. Qxd3 Rxe1+ 30. Kxe1 Qxg2 31. Qf5 g6 32. Qd3 Bg3+ 33.
Kd1 Qxh3 34. Nc5 Qg4+ 35. Kc2 h3 36. Ne4 Be5 37. Nf2 Qg2 {Normal} 0-1

[Event "Rated Blitz game"]
[Site "?"]
[Date "2021.07.25"]
[Round "?"]
[White "Rvlc"]
[Black "annaly1979"]
[Result "0-1"]
[WhiteElo "2433"]
[BlackElo "2419"]
[PlyCount "114"]
[EventDate "2021.??.??"]
[EventType "blitz"]

1. e4 e5 2. Nf3 d5 3. d4 dxe4 4. Nxe5 Bd6 5. Nc3 Nf6 6. Bf4 O-O 7. Bc4 Nc6 8.
Nxc6 bxc6 9. Bg5 Bf5 10. O-O Rb8 11. Bb3 Be7 12. Re1 h6 13. Bh4 g5 14. Bg3 a5
15. Be5 Ng4 16. Nxe4 a4 17. Bxa4 Nxe5 18. dxe5 Qxd1 19. Raxd1 Rxb2 20. Bb3 Bb4
21. Re3 Kg7 22. Ng3 Bg4 23. f3 Bc5 24. Rde1 Bxe3+ 25. Rxe3 Be6 26. Rc3 Bxb3 27.
axb3 Re8 28. Rc5 Ra8 29. Rxc6 Ra1+ 30. Kf2 Rc1 31. Nf5+ Kh7 32. Rxh6+ Kg8 33.
Ne3 Rbxc2+ 34. Nxc2 Rxc2+ 35. Kg3 Rc3 36. b4 Rb3 37. Rc6 Kg7 38. Rxc7 Kg6 39.
Rc4 Kf5 40. Re4 Rb2 41. h3 Rc2 42. Re3 Rb2 43. Re4 Rc2 44. Rd4 Kxe5 45. Re4+
Kf5 46. Re7 f6 47. Rb7 Kg6 48. b5 f5 49. b6 f4+ 50. Kh2 Rb2 51. Rb8 Rb1 52. b7
Kh7 53. h4 gxh4 54. Kh3 Kg7 55. Kxh4 Kg6 56. Rg8+ Kf5 57. b8=Q Rh1# {Normal}
0-1

[Event "Rated Blitz tournament YnXYpipP"]
[Site "?"]
[Date "2021.07.25"]
[Round "?"]
[White "JoelsonRicardo"]
[Black "Madjrs72"]
[Result "0-1"]
[WhiteElo "2336"]
[BlackElo "2404"]
[PlyCount "106"]
[EventDate "2021.??.??"]
[EventType "blitz"]

1. e4 e5 2. Nf3 d5 3. Nxe5 Bd6 4. d4 dxe4 5. Nc4 Nf6 6. Nxd6+ Qxd6 7. c3 O-O 8.
Be2 Bf5 9. O-O Nc6 10. Nd2 Rad8 11. Nc4 Qe6 12. Ne3 Nd5 13. Nxf5 Qxf5 14. a3
Nf4 15. Bg4 Qf6 16. f3 e3 17. Bxe3 Rfe8 18. Bxf4 Qxf4 19. Re1 h6 20. Qd3 Ne5
21. Qe2 Nxg4 22. Qxe8+ Rxe8 23. Rxe8+ Kh7 24. fxg4 Qxg4 25. Rae1 Qg5 26. h3 Qd2
27. R8e2 Qg5 28. Rf1 f6 29. Re7 Qd2 30. Rxf6 Qc1+ 31. Kh2 Qxb2 32. Rff7 Kg6 33.
Rxc7 Qxa3 34. Rxg7+ Kf6 35. Rgf7+ Kg6 36. h4 h5 37. Rfd7 Kf5 38. Rd5+ Ke4 39.
Re5+ Kd3 40. Rg7 Qd6 41. Rg3+ Kd2 42. Rxh5 b6 43. Rhg5 a5 44. h5 a4 45. Rg6 Qf4
46. R6g4 Qh6 47. d5 Qxh5+ 48. Kg1 a3 49. Ra4 Qxd5 50. Kh2 a2 51. c4 Qh5+ 52.
Rh3 Qe5+ 53. Rg3 a1=Q {Normal} 0-1

[Event "Rated Blitz game"]
[Site "?"]
[Date "2021.07.25"]
[Round "?"]
[White "Sadykov_aidar"]
[Black "KinzyabulatovRenat"]
[Result "0-1"]
[WhiteElo "2404"]
[BlackElo "2398"]
[PlyCount "46"]
[EventDate "2021.??.??"]
[EventType "blitz"]

1. e4 e5 2. Nf3 d5 3. exd5 e4 4. Ne5 Qxd5 5. d4 exd3 6. Nxd3 Nc6 7. Nc3 Qa5 8.
Be2 Nf6 9. O-O Bf5 10. Be3 O-O-O 11. a3 Nd4 12. b4 Qb6 13. Na4 Qc6 14. Nac5 b6
15. Ne5 Qd5 16. Ba6+ Kb8 17. Qxd4 Bxc5 18. bxc5 Qe6 19. Qf4 g5 20. Qf3 Be4 21.
Qg3 Nh5 22. Qxg5 Rhg8 23. f3 Rxg5 {Normal} 0-1

[Event "Rated Blitz game"]
[Site "?"]
[Date "2021.07.25"]
[Round "?"]
[White "MrBigBob"]
[Black "Juliateacher"]
[Result "1-0"]
[WhiteElo "2434"]
[BlackElo "2583"]
[PlyCount "44"]
[EventDate "2021.??.??"]
[EventType "blitz"]

1. e4 e5 2. Nf3 d5 3. Nxe5 Bd6 4. d4 dxe4 5. Be2 Nd7 6. Nc4 Ngf6 7. Nxd6+ cxd6
8. c4 O-O 9. O-O Re8 10. Nc3 a6 11. Bf4 Nf8 12. Bg5 h6 13. Bh4 Ng6 14. Bg3 Qb6
15. Na4 Qd8 16. Qb3 b5 17. cxb5 Be6 18. Qb4 axb5 19. Bxb5 Nd5 20. Qxd6 Qa5 21.
Bxe8 Rxe8 22. Nc5 Ndf4 {Normal} 1-0

[Event "Rated Blitz game"]
[Site "?"]
[Date "2021.07.25"]
[Round "?"]
[White "Shevtsjenko"]
[Black "GoughPhar"]
[Result "0-1"]
[WhiteElo "2405"]
[BlackElo "2460"]
[PlyCount "24"]
[EventDate "2021.??.??"]
[EventType "blitz"]

1. e4 e5 2. Nf3 d5 3. exd5 e4 4. Qe2 Nf6 5. d3 Qxd5 6. Nc3 Bb4 7. Bd2 Bxc3 8.
Bxc3 O-O 9. Bxf6 exf3 10. gxf3 gxf6 11. Rg1+ Kh8 12. Qe3 Qe5 {Normal} 0-1

[Event "Rated Rapid game"]
[Site "?"]
[Date "2021.07.25"]
[Round "?"]
[White "JJPlayz"]
[Black "Nas114"]
[Result "0-1"]
[WhiteElo "2430"]
[BlackElo "2269"]
[PlyCount "52"]
[EventDate "2021.??.??"]
[EventType "rapid"]

1. e4 e5 2. Nf3 d5 3. Nxe5 Bd6 4. d4 dxe4 5. Bc4 Bxe5 6. dxe5 Qxd1+ 7. Kxd1 Nc6
8. Re1 Bg4+ 9. Be2 O-O-O+ 10. Bd2 Nxe5 11. Nc3 Bxe2+ 12. Rxe2 f5 13. f3 Nf6 14.
fxe4 fxe4 15. Nxe4 Nxe4 16. Rxe4 Rhe8 17. Ke2 Nc4 18. Rxe8 Rxe8+ 19. Kd3 Nxb2+
20. Kc3 Na4+ 21. Kb3 Nc5+ 22. Kc4 Ne4 23. Bf4 g5 24. Be3 h6 25. Re1 Nd6+ 26.
Kd3 Nf5 {Normal} 0-1

[Event "Rated Blitz game"]
[Site "?"]
[Date "2021.07.25"]
[Round "?"]
[White "Champion_best"]
[Black "KamranShirazi"]
[Result "0-1"]
[WhiteElo "2447"]
[BlackElo "2493"]
[PlyCount "60"]
[EventDate "2021.??.??"]
[EventType "blitz"]

1. e4 e5 2. Nf3 d5 3. Nxe5 Bd6 4. d4 dxe4 5. Bc4 Bxe5 6. Qh5 Qe7 7. dxe5 Be6 8.
Nd2 Bxc4 9. Nxc4 Qb4+ 10. Nd2 Nc6 11. e6 O-O-O 12. exf7 Nf6 13. Qf5+ Kb8 14. c3
Qe7 15. O-O Rhf8 16. Nb3 Rd5 17. Qf4 Rxf7 18. Be3 h6 19. Rad1 Rg5 20. Nd4 Nd5
21. Nxc6+ bxc6 22. Rxd5 cxd5 23. Bxa7+ Kxa7 24. Qe3+ Kb7 25. c4 Rf3 26. Qd4 c5
27. Qd1 d4 28. Qa4 Qe6 29. h4 Rxg2+ 30. Kxg2 Qg4+ {Normal} 0-1

[Event "Rated Blitz game"]
[Site "?"]
[Date "2021.07.25"]
[Round "?"]
[White "vistagausta"]
[Black "Fantastic_power06"]
[Result "0-1"]
[WhiteElo "2893"]
[BlackElo "2768"]
[PlyCount "152"]
[EventDate "2021.??.??"]
[EventType "blitz"]

1. e4 e5 2. Nf3 d5 3. exd5 e4 4. Qe2 Nf6 5. d3 Qxd5 6. Nbd2 Nc6 7. dxe4 Qc5 8.
c3 Be6 9. Qb5 Ng4 10. Nd4 O-O-O 11. N2f3 Nxd4 12. Nxd4 Rxd4 13. cxd4 Qxd4 14.
Qe8+ Qd8 15. Qxd8+ Kxd8 16. f3 Bb4+ 17. Bd2 Ne3 18. Bxb4 Nc2+ 19. Kd2 Nxb4 20.
Kc3 Nxa2+ 21. Rxa2 Bxa2 22. b3 a5 23. Kb2 Bxb3 24. Kxb3 c6 25. Be2 Kc7 26. f4
b5 27. e5 a4+ 28. Kb4 Kb6 29. Rd1 c5+ 30. Kc3 a3 31. Kb3 b4 32. Bc4 Rf8 33.
Rd6+ Kc7 34. Ra6 Kb7 35. f5 Rd8 36. Rd6 Rxd6 37. exd6 Kc6 38. Bxf7 Kxd6 39. g4
Ke5 40. h3 Kf4 41. Be6 h6 42. Ka2 Kg3 43. Kb3 Kh4 44. Kc2 h5 45. gxh5 Kxh5 46.
Kb3 Kg5 47. Ka2 Kf6 48. Bc8 g6 49. Kb3 gxf5 50. Bb7 Kg5 51. Bc8 f4 52. Bg4 Kh4
53. Ka2 c4 54. Be2 c3 55. Kb3 Kxh3 56. Bf1+ Kg3 57. Bc4 f3 58. Bd5 f2 59. Bc4
Kg2 60. Kc2 Kg1 61. Bd5 f1=Q 62. Bc4 Qf2+ 63. Kb3 Qd4 64. Ka4 c2 65. Kxb4 Qc3+
66. Kxc3 a2 67. Kb3 c1=Q 68. Kxa2 Qxc4+ 69. Ka3 Qc6 70. Kb2 Kf2 71. Kb3 Ke3 72.
Kb2 Qc5 73. Kb3 Qb5+ 74. Kc3 Qc5+ 75. Kb2 Kd4 76. Kb3 Qc4+ {Time forfeit} 0-1

[Event "Rated Blitz game"]
[Site "?"]
[Date "2021.07.25"]
[Round "?"]
[White "Mabaia73"]
[Black "annaly1979"]
[Result "1-0"]
[WhiteElo "2275"]
[BlackElo "2413"]
[PlyCount "39"]
[EventDate "2021.??.??"]
[EventType "blitz"]

1. e4 e5 2. Nf3 d5 3. Nxe5 Qe7 4. Nf3 dxe4 5. Ng1 f5 6. Qe2 Nf6 7. d4 Nc6 8. c3
Be6 9. Bg5 h6 10. Bxf6 Qxf6 11. Qh5+ Bf7 12. Qe2 O-O-O 13. Nd2 g5 14. h4 Bg7
15. h5 Rhe8 16. Nb3 f4 17. O-O-O e3 18. Nc5 exf2 19. Qb5 b6 20. Qa6+ {Normal}
1-0

[Event "Rated Blitz game"]
[Site "?"]
[Date "2021.07.25"]
[Round "?"]
[White "EleKtRoMaGnIt"]
[Black "Fantastic_power06"]
[Result "1/2-1/2"]
[WhiteElo "2791"]
[BlackElo "2776"]
[PlyCount "120"]
[EventDate "2021.??.??"]
[EventType "blitz"]

1. e4 e5 2. Nf3 d5 3. Nxe5 Bd6 4. d4 dxe4 5. Nc3 Bxe5 6. dxe5 Qxd1+ 7. Kxd1 Bf5
8. Bb5+ Nd7 9. Bxd7+ Kxd7 10. Re1 Re8 11. Nxe4 Rxe5 12. Nc3 Bxc2+ 13. Kd2 Rxe1
14. Kxe1 Nf6 15. f3 Re8+ 16. Kf2 c6 17. Be3 b6 18. Rc1 Bf5 19. Rd1+ Kc8 20. Rd6
Re6 21. Rd2 Re7 22. Bd4 Rd7 23. Ke3 Ne8 24. Be5 Rxd2 25. Kxd2 Kd7 26. Bb8 Kc8
27. Be5 Be6 28. b3 f6 29. Bf4 Kd7 30. Bb8 Kc8 31. Bf4 c5 32. Kd3 Kb7 33. Nb5
Bf5+ 34. Kc3 a6 35. Nd6+ Nxd6 36. Bxd6 Bb1 37. Kb2 Bd3 38. Bf8 g6 39. Bg7 f5
40. Kc3 Bf1 41. g3 Kc6 42. a3 Kd5 43. Kd2 b5 44. Bf8 a5 45. Bg7 b4 46. axb4
cxb4 47. Bf8 Kc6 48. Be7 Kb5 49. Kc2 Bg2 50. f4 Be4+ 51. Kd2 Bd5 52. Kc2 a4 53.
bxa4+ Kxa4 54. Kb2 b3 55. Kc3 Be6 56. Bf8 Kb5 57. Ba3 Kc6 58. Kd4 Kd7 59. Ke5
b2 60. Bxb2 Ke7 {Normal} 1/2-1/2

[Event "Rated Blitz game"]
[Site "?"]
[Date "2021.07.25"]
[Round "?"]
[White "darkdisaster2002"]
[Black "KinzyabulatovRenat"]
[Result "1-0"]
[WhiteElo "2454"]
[BlackElo "2408"]
[PlyCount "107"]
[EventDate "2021.??.??"]
[EventType "blitz"]

1. e4 e5 2. Nf3 d5 3. exd5 e4 4. Ne5 Nf6 5. Nc3 Bd6 6. d4 exd3 7. Nxd3 O-O 8.
Be2 Nbd7 9. O-O Nb6 10. Bf3 Bf5 11. Bg5 h6 12. Bh4 g5 13. Bg3 g4 14. Be2 Nfxd5
15. Nxd5 Nxd5 16. Bxg4 Bg6 17. Qd2 Kh7 18. Ne5 Nf6 19. Bf3 Ne4 20. Bxe4 Bxe4
21. Qc3 Qg5 22. Nd7 f5 23. Nxf8+ Rxf8 24. f3 Bc6 25. Bxd6 cxd6 26. Rad1 Rf6 27.
Qd2 f4 28. Qd3+ Rg6 29. Rd2 h5 30. Rff2 h4 31. Qa3 Qe5 32. Rfe2 Qb5 33. Qd3
Qxb2 34. Re6 Qa1+ 35. Rd1 Qg7 36. Rde1 Kh6 37. Rxg6+ Qxg6 38. Qxg6+ Kxg6 39.
Re6+ Kf5 40. Rxd6 h3 41. Kf2 hxg2 42. Kxg2 a5 43. Kf2 a4 44. h4 Be8 45. c3 Bc6
46. Rd4 Bb5 47. a3 Bc6 48. Rb4 Kg6 49. Rd4 Kh5 50. Rxf4 Kh6 51. Rd4 Kh5 52. Kg3
Bb5 53. Rg4 Bd7 54. Rg5+ {Time forfeit} 1-0

[Event "Rated Blitz tournament HOhW8dol"]
[Site "?"]
[Date "2021.07.25"]
[Round "?"]
[White "toratosa"]
[Black "batasjon"]
[Result "1-0"]
[WhiteElo "2541"]
[BlackElo "2413"]
[PlyCount "57"]
[EventDate "2021.??.??"]
[EventType "blitz"]

1. e4 e5 2. Nf3 d5 3. exd5 e4 4. Nd4 Qxd5 5. Nb3 Nf6 6. Nc3 Qf5 7. d4 Bd6 8. h3
O-O 9. Be3 Qg6 10. g4 h5 11. g5 Nh7 12. Be2 Nxg5 13. Bxh5 Nf3+ 14. Bxf3 exf3
15. Qd2 Bf5 16. O-O-O Nc6 17. Rdg1 Qh7 18. Bh6 Bg6 19. Be3 Nb4 20. Na1 c6 21.
h4 Nd5 22. h5 Bf5 23. Nxd5 cxd5 24. Bh6 Rfe8 25. Rxg7+ Qxg7 26. Bxg7 Re4 27.
Rg1 Bf4 28. Be5+ Bg6 29. Bxf4 {Normal} 1-0

[Event "Rated Blitz tournament 89O0syBg"]
[Site "?"]
[Date "2021.07.25"]
[Round "?"]
[White "percakupa"]
[Black "Chandra_PW"]
[Result "0-1"]
[WhiteElo "2317"]
[BlackElo "2486"]
[PlyCount "142"]
[EventDate "2021.??.??"]
[EventType "blitz"]

1. e4 e5 2. Nf3 d5 3. exd5 e4 4. Qe2 Nf6 5. Nc3 Be7 6. Nxe4 O-O 7. Nxf6+ Bxf6
8. d4 Qxd5 9. Qc4 Qe4+ 10. Be3 Nc6 11. Bd3 Qg4 12. O-O Rd8 13. d5 Nb4 14. Qxg4
Bxg4 15. Be4 Bxf3 16. Bxf3 Nxc2 17. Rac1 Nxe3 18. fxe3 Rd7 19. Rc2 Re8 20. e4
g6 21. g3 Kg7 22. Rfc1 c6 23. Kg2 cxd5 24. exd5 b6 25. Rd1 Re3 26. b3 h5 27.
Re2 Rc3 28. Be4 h4 29. Rc2 Re3 30. Bf3 Be7 31. Kf2 Re5 32. g4 Bc5+ 33. Kg2 Re3
34. h3 f5 35. Re2 Rc3 36. Rdd2 fxg4 37. Bxg4 Rg3+ 38. Kh2 Rf7 39. Rg2 Bd6 40.
Rxg3 hxg3+ 41. Kg2 Rc7 42. Re2 Bf4 43. Kf3 g5 44. Ke4 Re7+ 45. Be6 Kf6 46. Kf3
Rc7 47. Kg4 Bd6 48. Bf5 Re7 49. Be6 Rc7 50. Kf3 Rc1 51. Bg4 Be5 52. Rd2 Bf4 53.
Re2 Rd1 54. Be6 a5 55. Kg2 b5 56. Rc2 b4 57. Kf3 Ke5 58. Re2+ Kd6 59. Bg8 Rh1
60. Be6 Kc5 61. Kg2 Rh2+ 62. Kf3 Rxe2 63. Kxe2 Kd4 64. Kf3 Kc3 65. Bf5 Kb2 66.
Bd3 Kxa2 67. Bc4 Ka3 68. h4 gxh4 69. Kxf4 g2 70. d6 g1=Q 71. d7 Qd4+ {Normal}
0-1

[Event "Rated Blitz game"]
[Site "?"]
[Date "2021.07.25"]
[Round "?"]
[White "MRMANiA"]
[Black "Mr_JakeTumaliuan"]
[Result "1-0"]
[WhiteElo "2405"]
[BlackElo "2749"]
[PlyCount "105"]
[EventDate "2021.??.??"]
[EventType "blitz"]

1. e4 e5 2. Nf3 d5 3. exd5 e4 4. Qe2 Nf6 5. Nc3 Bb4 6. Qb5+ Bd7 7. Qxb4 exf3 8.
Qxb7 O-O 9. gxf3 Qe7+ 10. Kd1 Re8 11. Bd3 Bh3 12. Qxa8 Bg2 13. d6 Qxd6 14. Re1
Qxh2 15. Rxe8+ Nxe8 16. Qe4 Nd6 17. Qe2 Qh1+ 18. Qe1 Bxf3+ 19. Be2 Qh5 20. d3
Nc6 21. Be3 Ne5 22. Kd2 Nf5 23. Rd1 h6 24. Kc1 g5 25. Bxf3 Nxf3 26. Qe2 N5h4
27. Rh1 Qg4 28. b3 f5 29. Kb2 h5 30. Bc5 Kf7 31. Qe7+ Kg6 32. Qe6+ Kg7 33. Be7
Qd4 34. Qc4 Qe5 35. Bc5 Kg6 36. d4 Qf6 37. Qg8+ Qg7 38. Qxg7+ Kxg7 39. Nd5 c6
40. Nb4 Kg6 41. Nxc6 a6 42. d5 Ng2 43. d6 Nf4 44. d7 Ne6 45. d8=Q Nxd8 46. Nxd8
g4 47. a4 h4 48. Bd6 Kf6 49. b4 Nd4 50. c3 Nf3 51. b5 axb5 52. axb5 Nd2 53. Bc5
{Time forfeit} 1-0

[Event "Rated Blitz tournament YnXYpipP"]
[Site "?"]
[Date "2021.07.25"]
[Round "?"]
[White "Mabaia73"]
[Black "Madjrs72"]
[Result "0-1"]
[WhiteElo "2315"]
[BlackElo "2410"]
[PlyCount "44"]
[EventDate "2021.??.??"]
[EventType "blitz"]

1. e4 e5 2. Nf3 d5 3. d4 dxe4 4. Nxe5 Bd6 5. Bc4 Bxe5 6. dxe5 Qxd1+ 7. Kxd1 Nc6
8. Bf4 Nge7 9. Nd2 Bf5 10. Re1 Ng6 11. Bg3 Ngxe5 12. Nxe4 O-O-O+ 13. Bd3 Nxd3
14. cxd3 Rxd3+ 15. Kc2 Nb4+ 16. Kc1 Rhd8 17. f3 Bxe4 18. fxe4 Rd2 19. a3 Nc6
20. Rb1 Rxg2 21. Rd1 Nd4 22. b4 Rc2# {Normal} 0-1

[Event "Rated Blitz tournament 9D3fZwaR"]
[Site "?"]
[Date "2021.07.25"]
[Round "?"]
[White "weeza"]
[Black "om_gendut"]
[Result "1/2-1/2"]
[WhiteElo "2382"]
[BlackElo "2450"]
[PlyCount "212"]
[EventDate "2021.??.??"]
[EventType "blitz"]

1. e4 e5 2. Nf3 d5 3. exd5 e4 4. Ng1 Nf6 5. d3 exd3 6. Bxd3 Qxd5 7. Nf3 Bg4 8.
O-O Be7 9. Nc3 Qh5 10. Nb5 Na6 11. Re1 O-O-O 12. Rxe7 Qxb5 13. Bf4 Qc5 14. Qe2
Rhe8 15. Rxe8 Rxe8 16. Qd1 Nb4 17. a3 Nbd5 18. Bg3 Kb8 19. c4 Nb6 20. b4 Qe7
21. c5 Nbd5 22. Bc4 Qe4 23. Bb5 Nc3 24. Qf1 Nxb5 25. Qxb5 Bxf3 26. gxf3 Qxf3
27. Qc4 Qd5 28. Qf4 Qd7 29. a4 Nh5 30. Qf3 Nxg3 31. hxg3 a6 32. b5 axb5 33.
axb5 Qxb5 34. Qxf7 Rc8 35. Qxg7 Qxc5 36. Qxh7 Rf8 37. Rf1 Qf5 38. Qxf5 Rxf5 39.
Kg2 b5 40. g4 Rf7 41. Kg3 c5 42. f4 b4 43. Rc1 b3 44. Rxc5 b2 45. Rb5+ Rb7 46.
Rxb2 Rxb2 47. g5 Kc7 48. g6 Kd7 49. g7 Rb8 50. Kg4 Ke7 51. Kf5 Kf7 52. Kg5 Rg8
53. f5 Rxg7+ 54. Kf4 Kf6 55. Ke4 Rg5 56. Kf4 Rxf5+ 57. Ke4 Re5+ 58. Kd4 Ke6 59.
Kd3 Rd5+ 60. Ke4 Kd6 61. Ke3 Re5+ 62. Kf3 Kd5 63. Kf4 Kd4 64. Kf3 Re4 65. Kg3
Kd3 66. Kf3 Re3+ 67. Kf4 Kd2 68. Kf5 Rd3 69. Kf6 Kc2 70. Kf5 Kc3 71. Kf6 Rd4
72. Kf5 Kc4 73. Kf6 Rd3 74. Kf7 Re3 75. Kf6 Kd4 76. Kg6 Re5 77. Kf6 Kd3 78. Kf7
Re3 79. Kf6 Rf3+ 80. Kg6 Ke3 81. Kg5 Rf2 82. Kg4 Ke2 83. Kg5 Rf3 84. Kg4 Ke3
85. Kg5 Ke4 86. Kg4 Rf5 87. Kg3 Ke5 88. Kg4 Ke4 89. Kh4 Rf4+ 90. Kg5 Ke3 91.
Kg6 Rf1 92. Kg5 Rg1+ 93. Kf5 Kf2 94. Ke5 Rg3 95. Kd5 Re3 96. Kc5 Ke2 97. Kb5
Kd2 98. Kb6 Rc3 99. Ka6 Kc2 100. Ka5 Kd3 101. Ka6 Kd4 102. Ka5 Rc1 103. Ka6 Rb1
104. Ka5 Kd5 105. Ka6 Kd6 106. Ka5 Kc7 {Normal} 1/2-1/2

[Event "Rated Blitz tournament 9D3fZwaR"]
[Site "?"]
[Date "2021.07.25"]
[Round "?"]
[White "shychess95"]
[Black "Chandra_PW"]
[Result "0-1"]
[WhiteElo "2281"]
[BlackElo "2525"]
[PlyCount "66"]
[EventDate "2021.??.??"]
[EventType "blitz"]

1. e4 e5 2. Nf3 d5 3. d4 dxe4 4. Nxe5 Nd7 5. Bc4 Nxe5 6. dxe5 Qxd1+ 7. Kxd1
Bg4+ 8. Ke1 O-O-O 9. Nd2 Ne7 10. Bxf7 Nc6 11. h3 Bf5 12. g4 Nxe5 13. gxf5 Nxf7
14. Nxe4 Re8 15. f3 Nd6 16. Kf2 Nxe4+ 17. fxe4 Rxe4 18. Bd2 Bc5+ 19. Kf3 Re5
20. Bc3 Rxf5+ 21. Kg4 Rhf8 22. Rhe1 Rf4+ 23. Kg3 Bf2+ 24. Kg2 Bxe1 25. Rxe1
R8f7 26. Re8+ Kd7 27. Rb8 b6 28. Rb7 a5 29. Be5 Rf2+ 30. Kg1 Rxc2 31. Bc3 Kc8
32. Ra7 Kb8 33. Ra6 Kb7 {Normal} 0-1

[Event "Rated Blitz tournament 6h46RqXL"]
[Site "?"]
[Date "2021.07.25"]
[Round "?"]
[White "KreuzritterImZoo"]
[Black "Maltinho"]
[Result "1-0"]
[WhiteElo "2713"]
[BlackElo "2522"]
[PlyCount "50"]
[EventDate "2021.??.??"]
[EventType "blitz"]

1. e4 e5 2. Nf3 d5 3. exd5 Bd6 4. Nc3 f5 5. d4 e4 6. Ne5 Nf6 7. Bb5+ c6 8. dxc6
O-O 9. Bf4 bxc6 10. Bc4+ Kh8 11. Qd2 Qc7 12. Nf7+ Rxf7 13. Bxd6 Qxd6 14. Bxf7
Nbd7 15. Bb3 a5 16. a4 Nb6 17. O-O Ng4 18. f4 Ba6 19. Rfe1 Re8 20. Nd1 Nd5 21.
Bxd5 cxd5 22. g3 g5 23. Ne3 gxf4 24. Nxg4 e3 25. Nxe3 fxg3 {Normal} 1-0

[Event "Rated Blitz game"]
[Site "?"]
[Date "2021.07.25"]
[Round "?"]
[White "Den_71"]
[Black "karenamini_kish"]
[Result "0-1"]
[WhiteElo "2456"]
[BlackElo "2428"]
[PlyCount "56"]
[EventDate "2021.??.??"]
[EventType "blitz"]

1. e4 e5 2. Nf3 d5 3. Nxe5 dxe4 4. d4 c5 5. Bb5+ Nd7 6. Qe2 Ngf6 7. Bc4 Nxe5 8.
dxe5 Nd7 9. Qxe4 Nb6 10. Bb5+ Bd7 11. Nc3 Bxb5 12. Nxb5 Qd7 13. c4 a6 14. Nc3
Be7 15. O-O O-O 16. Be3 Rfe8 17. f4 f5 18. Qf3 Nxc4 19. Rad1 Qc6 20. Nd5 Nxe3
21. Qxe3 b5 22. Qh3 g6 23. Qh6 Ra7 24. Rf3 Bf8 25. Qh4 Bg7 26. Rh3 h5 27. Qg5
Rd7 28. Nf6+ Bxf6 {Normal} 0-1

[Event "Rated Blitz game"]
[Site "?"]
[Date "2021.07.25"]
[Round "?"]
[White "MENUGARDEN6"]
[Black "mirekkk14"]
[Result "1-0"]
[WhiteElo "2474"]
[BlackElo "2411"]
[PlyCount "43"]
[EventDate "2021.??.??"]
[EventType "blitz"]

1. e4 e5 2. Nf3 d5 3. Nxe5 Bd6 4. d4 dxe4 5. Bc4 Bxe5 6. dxe5 Qxd1+ 7. Kxd1 Nc6
8. Bb3 Bg4+ 9. Ke1 Nxe5 10. Bf4 O-O-O 11. Nc3 Ng6 12. Be3 f5 13. h3 Bh5 14. g4
fxg4 15. Be6+ Kb8 16. hxg4 Ne5 17. Rxh5 Nf3+ 18. Ke2 Nf6 19. Rhh1 Rhe8 20. Rad1
c6 21. Rxd8+ Rxd8 22. g5 {Normal} 1-0

[Event "Rated Blitz tournament HOhW8dol"]
[Site "?"]
[Date "2021.07.25"]
[Round "?"]
[White "toratosa"]
[Black "Schachelite"]
[Result "1-0"]
[WhiteElo "2548"]
[BlackElo "2498"]
[PlyCount "43"]
[EventDate "2021.??.??"]
[EventType "blitz"]

1. e4 e5 2. Nf3 d5 3. exd5 e4 4. Qe2 Nf6 5. Nc3 Be7 6. Ng5 O-O 7. Ngxe4 Nxe4 8.
Nxe4 Re8 9. d3 f5 10. Bd2 fxe4 11. dxe4 c6 12. c4 cxd5 13. cxd5 Bf6 14. O-O-O
Qb6 15. Be3 Qa5 16. Qc4 Bg4 17. f3 Rc8 18. fxg4 Rxc4+ 19. Bxc4 Qc7 20. b3 b5
21. d6+ bxc4 22. dxc7 {Normal} 1-0

[Event "Rated Blitz game"]
[Site "?"]
[Date "2021.07.25"]
[Round "?"]
[White "tematicon"]
[Black "petrosianuro"]
[Result "0-1"]
[WhiteElo "2433"]
[BlackElo "2217"]
[PlyCount "52"]
[EventDate "2021.??.??"]
[EventType "blitz"]

1. e4 e5 2. Nf3 d5 3. Nc3 dxe4 4. Nxe4 f5 5. Nxe5 Qe7 6. d4 fxe4 7. Bc4 Be6 8.
Qh5+ g6 9. Nxg6 hxg6 10. Qxh8 Bxc4 11. Bd2 Bg7 12. Qh3 Nc6 13. b3 Be6 14. Qg3
Nxd4 15. Qxg6+ Qf7 16. Qxf7+ Kxf7 17. O-O-O Ne2+ 18. Kb1 Nc3+ 19. Bxc3 Bxc3 20.
h4 Nh6 21. Rh3 Bf6 22. Re1 Bxh3 23. gxh3 Re8 24. c4 Bxh4 25. Re2 Nf5 26. Kc2
Nd4+ {Normal} 0-1

[Event "Rated Blitz tournament 6h46RqXL"]
[Site "?"]
[Date "2021.07.25"]
[Round "?"]
[White "Vanych"]
[Black "Maltinho"]
[Result "0-1"]
[WhiteElo "2324"]
[BlackElo "2530"]
[PlyCount "52"]
[EventDate "2021.??.??"]
[EventType "blitz"]

1. e4 e5 2. Nf3 d5 3. Qe2 Nf6 4. exd5 Bd6 5. Nc3 O-O 6. d3 c6 7. dxc6 Nxc6 8.
Bg5 Bg4 9. Ne4 Nd4 10. Qd1 Qa5+ 11. Bd2 Qd8 12. Bg5 Qa5+ 13. Bd2 Qb6 14. Nxf6+
gxf6 15. c3 Ne6 16. Qb3 Qc6 17. Be2 Nc5 18. Qc2 Rad8 19. h3 Bh5 20. g4 Bg6 21.
O-O-O Bc7 22. Be3 e4 23. Nd4 exd3 24. Nxc6 dxc2 25. Rxd8 Bxd8 26. Nxd8 Nd3+ {
Time forfeit} 0-1

[Event "Rated Blitz tournament 9D3fZwaR"]
[Site "?"]
[Date "2021.07.25"]
[Round "?"]
[White "maahaan_khoshkalam"]
[Black "Chandra_PW"]
[Result "0-1"]
[WhiteElo "2333"]
[BlackElo "2504"]
[PlyCount "128"]
[EventDate "2021.??.??"]
[EventType "blitz"]

1. e4 e5 2. Nf3 d5 3. Nc3 dxe4 4. Nxe4 f5 5. Nxe5 fxe4 6. Qh5+ g6 7. Nxg6 hxg6
8. Qxg6+ Kd7 9. d3 Qf6 10. Qg4+ Kd8 11. Qg3 Bd6 12. Qe3 exd3 13. Bxd3 Ne7 14.
Bd2 Qxb2 15. Rd1 Qe5 16. Be4 Re8 17. Bc3 Qh5 18. h3 Nbc6 19. O-O Bf5 20. Bf3
Qg6 21. Rfe1 Kd7 22. Qf4 Rg8 23. g4 Bxc2 24. Rd2 Bd3 25. Qe3 Bc4 26. Be4 Qg5
27. Qf3 Raf8 28. Qg2 Be6 29. Red1 Ne5 30. Bxb7 Bxg4 31. Bxe5 Bxh3 32. Qxg5
Rxg5+ 33. Bg3 Nf5 34. Kh2 Nxg3 35. fxg3 Be6 36. Ba6 Rh8+ 37. Kg2 Rgh5 38. Bb5+
Ke7 39. Kf3 Rf5+ 40. Kg2 Rxb5 41. Kf2 Rf5+ 42. Kg2 Rfh5 43. Re2 Rh2+ 44. Kf3
Rxe2 45. Kxe2 Bg4+ 46. Ke3 Bxd1 47. Kd3 Rg8 48. g4 Rxg4 49. a3 Ra4 50. Kc3
Rxa3+ 51. Kb2 Ra6 52. Kc1 Rb6 53. Kd2 Be5 54. Kxd1 c5 55. Kd2 a5 56. Ke3 a4 57.
Kd2 Bd6 58. Kc1 a3 59. Kc2 a2 60. Kc3 a1=Q+ 61. Kc2 Qa4+ 62. Kd3 Rb3+ 63. Ke2
Qa2+ 64. Kd1 Rb1# {Normal} 0-1

[Event "Rated Blitz tournament D3OOAceR"]
[Site "?"]
[Date "2021.07.25"]
[Round "?"]
[White "FlamingFM"]
[Black "dr_xStranger"]
[Result "1-0"]
[WhiteElo "2678"]
[BlackElo "2495"]
[PlyCount "45"]
[EventDate "2021.??.??"]
[EventType "blitz"]

1. e4 e5 2. Nf3 d5 3. exd5 e4 4. Qe2 Nf6 5. d3 Bb4+ 6. c3 O-O 7. dxe4 Bc5 8.
Bg5 Re8 9. Nbd2 c6 10. O-O-O cxd5 11. Qb5 Be7 12. exd5 a6 13. Qb3 h6 14. Bh4
Nbd7 15. Nc4 Nc5 16. Qc2 Nfe4 17. Bxe7 Qxe7 18. b4 Nd7 19. Bd3 Ndf6 20. Rhe1
Bf5 21. Nd4 Qd7 22. f3 Nd6 23. Nxf5 {Normal} 1-0